José Vasconcelos y la universidad /

Gorde:
Xehetasun bibliografikoak
Egile nagusia: Vasconcelos, José (autor)
Beste egile batzuk: Ruiz, Angeles (colaboración) (colaboración), María y Campos, Alfonso de (presentación) (presentación), Matute, Alvaro (introducción) (introducción)
Formatua: Liburua
Hizkuntza:gaztelania
Argitaratua: México : UNAM, 1983, c1983
Saila:(Textos de Humanidades ; 36)
Gaiak:
Etiketak: Etiketa erantsi
Etiketarik gabe, Izan zaitez lehena erregistro honi etiketa jartzen!

MARC

LEADER 00000nam^a2200000^a^4500
001 000022202
005 20250521000000.0
009 20260310084446.016
020 |a 968-58-0578-4 
037 |a Acervo ITESO - Biblioteca 
041 |a ESP 
082 |a 378. 72  |b VAS 
100 |a Vasconcelos, José  |e (autor) 
245 1 0 |a José Vasconcelos y la universidad /  |c J. Vasconcelos ; colaboración de A. Ruiz ; presen. de A. de Maria y Campos ; introd. de A. Matute. 
264 4 |a México :  |b UNAM,  |c 1983, c1983 
300 |a 217 p. 
336 |a texto  |b txt  |2 rdacontenido 
337 |a sin mediación  |b n  |2 rdamedio 
338 |a volumen  |b nc  |2 rdasoporte 
440 1 |a (Textos de Humanidades ;  |v 36) 
545 0 |a José Vasconcelos (Oaxaca, 1882 - México, 1959) es, sin duda, uno de los grandes protagonistas del México posrevolucionario, lo mismo en la escritura que como destacada figura pública, área en la que fue el primer titular de la Secretaría de Educación Pública -durante el régimen de Alvaro Obregón- y posterior candidato derrotado en las elecciones presidenciales de 1929. Con una visión transformadora del país, su aporte fundamental en esta línea es su fe en la educación y la cultura como instrumentos para mejorar las condiciones de vida de las personas y de la vida nacional. Así lo muestra su trabajo como Rector de la UNAM y su proyecto al frente de la SEP, desde donde impulsó las merecidamente famosas Misiones Culturales, con las cuales llevó la alfabetización y la lectura a las regiones más recónditas de México. Fue también uno de los fundadores de El Colegio Nacional y miembro de la Academia Mexicana de la Lengua. Su obra intelectual pasa por la sociología, la filosofía, la historia y la creación literaria. Sin negar la importancia de buena parte de sus ensayos filosóficos y sociológicos, lo cierto es que Vasconcelos escritor tiene sus mejores páginas -páginas de un gran poder evocador- en el cuarteto de libros que forman sus memorias noveladas: Ulises criollo (1935), La tormenta (1936), El desastre (1938) y El proconsulado (1939). Otros de sus títulos son: Prometeo vencedor (1916), La raza cósmica (1925), Tratado de metafísica (1929), La sonata mágica (1933), El viento de Bagdad (1945), Los robachicos (1946), El ocaso de mi vida (1957) y La flama (1959). 
610 |a UNAM 
649 |a XX 
650 |a Políticos Mexicanos -  |x Homenajes 
650 |a Escritores Mexicanos -  |x Homenajes 
650 |a Universidades Públicas -  |z México 
650 |a Universidades -  |z México -  |x Historia -  |y Siglo XX 
650 |a Educación Superior -  |z México 
650 |a Educación -  |z México 
650 |a México -  |x Historia -  |y Régimen Obregonista, 1920-1924 
650 |a México -  |x Historia -  |y Siglo XX 
650 |a Vasconcelos, José -  |x Tema Principal 
700 |a Ruiz, Angeles  |e (colaboración) 
700 |a María y Campos, Alfonso de  |e (presentación) 
700 |a Matute, Alvaro  |e (introducción) 
910 |a Fondo General 
920 |a Impresos - Libros 
930 |a Colección General 
905 |a 101 
901 |a 0222020100  |b IT1  |c ACC  |i 022202  |u 20250521 
901 |a 0222020200  |b IT1  |c ACC  |i 903678  |u 20250521 
902 |a https://opac.biblio.iteso.mx/vufind/Record/000022202